| Tag |
First Indicator |
Second Indicator |
Subfields |
| LEADER |
00000cam a2200000I 4500 |
| 001 |
in00000024352 |
| 005 |
20151007061113.0 |
| 008 |
800627s1916 nyuaf 000 0 eng |
| 010 |
|
|
|a 16015671
|
| 019 |
|
|
|a 6468885
|
| 035 |
|
|
|a (OCoLC)01710974
|
| 035 |
|
|
|9 AAD1108AM
|
| 040 |
|
|
|a DLC
|c FQG
|d OCL
|d TXA
|d UBA
|d UtOrBLW
|
| 049 |
|
|
|a TXAM
|
| 050 |
0 |
0 |
|a TA424
|b .W4 1916
|
| 092 |
|
|
|a 691.1
|b W42p2
|
| 100 |
1 |
|
|a Weiss, Howard Frederick.
|
| 245 |
1 |
4 |
|a The preservation of structural timber /
|c by Howard F. Weiss.
|
| 250 |
|
|
|a 2d ed., rev. and enl.
|
| 264 |
|
1 |
|a New York :
|b McGraw-Hill book company, inc.,
|c 1916.
|
| 300 |
|
|
|a xx, 361 pages :
|b illustrations (including tables) xxiii plate, diagrams ;
|c 24 cm.
|
| 336 |
|
|
|a text
|b txt
|2 rdacontent
|
| 337 |
|
|
|a unmediated
|b n
|2 rdamedia
|
| 338 |
|
|
|a volume
|b nc
|2 rdacarrier
|
| 500 |
|
|
|a Plates printed on both sides.
|
| 650 |
|
0 |
|a Wood
|x Preservation.
|
| 650 |
|
7 |
|a Engenharia Hidraulica E Sanitaria.
|2 larpcal
|
| 949 |
|
|
|a updated
|b h
|c 2004/11/12
|e pbump
|
| 994 |
|
|
|a E0
|b TXA
|
| 999 |
|
|
|a MARS
|
| 999 |
f |
f |
|s c2927bb1-9aa0-39a6-b79a-3fc932d2e766
|i 4c581eca-7a88-3a84-9b64-1935ed9183a9
|t 0
|
| 952 |
f |
f |
|p ric
|a Texas A&M University
|b Rellis Campus
|c Joint Library Facility
|d Remote Storage
|t 0
|e TA424 .W4 1916
|h Library of Congress classification
|i unmediated -- volume
|m A14801138625
|
| 998 |
f |
f |
|a TA424 .W4 1916
|t 0
|l Remote Storage
|